Organization and administration of vocational education in Kentucky. (Record no. 21651)

MARC details
000 -LEADER
fixed length control field 00662cam a22002291 4500
001 - CONTROL NUMBER
control field e 39000127
003 - CONTROL NUMBER IDENTIFIER
control field DLC
005 - DATE AND TIME OF LATEST TRANSACTION
control field 20260227111228.0
008 - FIXED-LENGTH DATA ELEMENTS--GENERAL INFORMATION
fixed length control field 880623s1939 kyu 000 0 eng
010 ## - LIBRARY OF CONGRESS CONTROL NUMBER
LC control number e 39000127
035 ## - SYSTEM CONTROL NUMBER
System control number (OCoLC)18126633
040 ## - CATALOGING SOURCE
Original cataloging agency DLC
Transcribing agency AU
Modifying agency DLC
042 ## - AUTHENTICATION CODE
Authentication code premarc
050 00 - LIBRARY OF CONGRESS CALL NUMBER
Classification number L152
Item number .B35 vol. 6, no. 12
110 1# - MAIN ENTRY--CORPORATE NAME
Corporate name or jurisdiction name as entry element Kentucky.
Subordinate unit Department of Education.
245 10 - TITLE STATEMENT
Title Organization and administration of vocational education in Kentucky.
260 ## - PUBLICATION, DISTRIBUTION, ETC.
Place of publication, distribution, etc. Kentucky,
Date of publication, distribution, etc. 1939.
300 ## - PHYSICAL DESCRIPTION
Extent 73 p.
Dimensions 23 cm.
490 0# - SERIES STATEMENT
Series statement Educational bulletin,
Volume/sequential designation v.6, no. 12
500 ## - GENERAL NOTE
General note Cover title.
650 #0 - SUBJECT ADDED ENTRY--TOPICAL TERM
Topical term or geographic name entry element Vocational education
Geographic subdivision Kentucky.

No items available.

Powered by Koha